000 005680000a22001810004500
003 MACL
005 20160402121912.0
008 160402b xxu||||| |||| 00| 0 eng d
040 _aMACL
_cMACL
041 _aHindi
082 _a370
100 _aमुजफफर अली
_949952
245 _aडॉ जाकिर हुसैन का
_bशिक्षादर्शन
260 _bराष्‍ट्रभाषा प्रकाशन
_c2007
_aदिल्‍ली
350 _a175
650 _aEducation
_949953
942 _cHIN
_k370/ALI
_2ddc
999 _c43449
_d43449